00000000nam 2200000zi 4500
0019.867718
003CaOODSP
00520241203113645
006m     o  d f      
007cr nn|||||||||
008190129s1987    onca    ob   f000 0 eng d
040 |aCaOODSP|beng|erda|cCaOODSP
041 |aeng|bfre
043 |an-cn-ab
0861 |aEn13-5/87-02E-PDF
1001 |aPrepas, E. E. |q(Ellie E.), |d1947- |eauthor.
24510|aLong-term effects of copper additions to lakes / |cby E.E. Prepas, T.P. Murphy and P.G. Manning.
264 1|a[Burlington, Ontario : |bNational Water Research Institute, |c1987]
300 |a1 online resource (12 pages, 2 unnumbered pages) : |billustrations.
336 |atext|btxt|2rdacontent
337 |acomputer|bc|2rdamedia
338 |aonline resource|bcr|2rdacarrier
4901 |aNWRI contribution series ; |v87-02
500 |aCover title.
500 |aDigitized edition from print [produced by Environment and Climate Change Canada].
504 |aIncludes bibliographical references.
546 |aIncludes management perspective and summary in French.
693 4|aCopper sulfate--Environmental aspects--Alberta--Figure 8 Lake
693 4|aContaminated sediments--Alberta--Figure 8 Lake
7001 |aManning, Philip G., |eauthor.
7001 |aMurphy, Thomas P. D. |eauthor.|q(Thomas Patrick Daniel), |d1948-
7101 |aCanada. |bEnvironment Canada.
7102 |aNational Water Research Institute (Canada)
830#0|aNWRI contribution ;|v87-02.|w(CaOODSP)9.844121
85640|qPDF|s871 KB|uhttps://publications.gc.ca/collections/collection_2019/eccc/En13-5-87-02-eng.pdf